00857nas a22002057a 450000500170000000700150001700800410003202200140007303500090008704000090009624500540010525600240015926000440018330000280022750602260025565000370048165000370051874000400055585600560059520240305165407.0cr|||| |||| 130312c19939999xxufr|p s|||| 0|||a1eng d a10192557  a7157 avLex00aAsia Pacific Law Reviewh[Recurso electrónico]  aServicio en línea aSan Francisco, CA :bLexisNexis,c1993- a1 Recurso electrónico dvLex GlobaldvLex Global (Academic Edition, excluding Law Schools)dvLex Global (U.S. Academic Edition, Law Schools)dvLex Global (U.S. Academic Edition, excluding Law Schools)dvLex Global (Academic Edition, Law Schools)04aDerecho internacional vRevistas04aComercio internacionalvRevistas avLex Revistas (Servicio en línea) aAcceso restringidouhttp://www.vlex.com/source/7157